Aspectos generales de la arqueología de Malinalco, Estado de México /

Gorde:
Xehetasun bibliografikoak
Egile nagusia: Galván Villegas, Luis Javier (autor)
Formatua: Liburua
Hizkuntza:gaztelania
Saila:(Colección Científica INAH ; Arqueología) 137.
Gaiak:
Etiketak: Etiketa erantsi
Etiketarik gabe, Izan zaitez lehena erregistro honi etiketa jartzen!

MARC

LEADER 00000nam^a2200000^a^4500
001 000181256
005 20250521000000.0
009 20260310101925.956
037 |a Acervo ITESO - Biblioteca 
041 |a ESP 
082 |a 972. 5201  |b GAL 
100 |a Galván Villegas, Luis Javier  |e (autor) 
245 1 0 |a Aspectos generales de la arqueología de Malinalco, Estado de México /  |c L.J. Galván Villegas. 
264 |a México :  |b INAH,  |c 1984 
300 |a 179, [55] h. 
336 |a texto  |b txt  |2 rdacontenido 
337 |a sin mediación  |b n  |2 rdamedio 
338 |a volumen  |b nc  |2 rdasoporte 
440 1 |a (Colección Científica INAH ;  |v 137.  |p Arqueología) 
649 |a XX 
650 |a Arqueología -  |z Malinalco, México (Estado) 
650 |a Arqueología -  |z México (Estado) 
650 |a Arqueología -  |z México 
650 |a Arte Prehispánico -  |z Malinalco, México (Estado) 
650 |a Arte Prehispánico -  |z México (Estado) 
650 |a Arte Prehispánico -  |z México 
650 |a Arte Mexicano -  |z Malinalco, México (Estado) 
650 |a Arte Mexicano -  |z México (Estado) 
650 |a Arte Prehispánico -  |z México 
650 |a Malinalco, México (Estado) -  |x Historia -  |y Epoca Prehispánica 
650 |a México (Estado) -  |x Historia -  |y Epoca Prehispánica 
650 |a México -  |x Historia -  |y Epoca Prehispánica 
910 |a Fondo General 
920 |a Impresos - Libros 
930 |a Colección General 
905 |a 101 
901 |a 0500120803  |b IT1  |c ACC  |u 20250521 
902 |a https://opac.biblio.iteso.mx/vufind/Record/000181256